| 000 | 00783am a2200265a 44500 | ||
|---|---|---|---|
| 003 | AR-BaBNM | ||
| 005 | 20251128203406.0 | ||
| 008 | 177019s1945 #AR|||||||||||000 | spa|| | ||
| 040 | _cAR-BaBNM | ||
| 100 | 1 | _aMartÃnez Ruiz, Roberto | |
| 245 | 1 | 0 |
_aLa constitución argentina _banotada con la jurisprudencia de la Corte Suprema de Justicia |
| 260 |
_aBuenos Aires _bKraft _c1945 |
||
| 300 | _a365 p. | ||
| 500 | _aIndice de materias p. 323-341 | ||
| 500 | _aIndice de casos citados p. 343-363 | ||
| 500 | _aIndice general p. 365 | ||
| 650 | 4 | _aDERECHO CONSTITUCIONAL | |
| 650 | 4 | _aCONSTITUCIONES | |
| 650 | 4 | _aJURISPRUDENCIA | |
| 650 | 4 | _aCORTE SUPREMA | |
| 650 | 4 | _aDERECHOS CIVILES Y POLITICOS | |
| 650 | 4 | _aLEGISLACION ARGENTINA | |
| 942 | _cBK | ||
| 998 | _cAndrea | ||
| 999 |
_c3173 _d3173 |
||